LEADER 01290nam 2200385 n 450 001 996392785003316 005 20200824121725.0 035 $a(CKB)4940000000112272 035 $a(EEBO)2248513573 035 $a(UnM)99871631e 035 $a(UnM)99871631 035 $a(EXLCZ)994940000000112272 100 $a19951219d1658 uy | 101 0 $aeng 135 $aurbn||||a|bb| 200 13$aAn English-Greek grammar$b[electronic resource] $ecomposed for the use and benefit of such as desire the knowledge of that tongue. /$fBy J.C. Gent 210 $aLondon, $c[s.n.]$dPrinted in the year 1658 215 $a[2], 62 p 300 $aJ.C. = Joseph Caryl. 300 $aAlso issued as part of: T.C. An English-Greek lexicon (Wing C753). 300 $aAnnotation on Thomason copy: "K." following author statement. 300 $aReproduction of the original in the British Library. 330 $aeebo-0018 606 $aGreek language$xGrammar$y1500-1799 615 0$aGreek language$xGrammar 700 $aCaryl$b Joseph$f1602-1673.$01003625 801 0$bCu-RivES 801 1$bCu-RivES 801 2$bCStRLIN 801 2$bCu-RivES 801 2$bWaOLN 906 $aBOOK 912 $a996392785003316 996 $aAn English-Greek grammar$92411598 997 $aUNISA